000 01054cam a2200361 i 4500
001 115832
005 20230410121208.0
008 120426s2012 fr b b 000 0 fre
035 _a17339430
010 _a 2012446616
020 _a9782729872359
035 _a(FrPJT)JTL00312214
040 _aDLC
_beng
_cDLC
_erda
_dDLC
042 _apcc
050 1 4 _aJZ 3690
_bC871g 2012
082 0 0 _a341.4
100 1 _aCoutansais, Cyrille P.
245 1 0 _aGéopolitique des océans : L'Eldorado maritime :
_bL'Eldorado maritime /
_cCyrille P Coutansais.
264 1 _aParis :
_bEllipses,
_c[2012]
300 _a239 p. :
_bmaps ;
_c26 cm
336 _atext
_2rdacontent
337 _aunmediated
_2rdamedia
338 _avolume
_2rdacarrier
504 _aIncludes bibliographical references.
650 0 _aOcean
_xPolitical aspects.
650 0 _aGeopolitics.
650 0 _aSea-power.
650 4 _aOceano
_xAspectos Políticos
650 4 _aGeopolitica.
650 4 _aMar-Poder
650 4 _aPrimera Jornada de Catalogacion
942 _2lcc
_cbk
999 _c59851
_d59851